Solomon Islands : Selected Issues and Statistical Appendix.

This Selected Issues paper examines prospects for increasing growth and reducing poverty in the Solomon Islands. The paper highlights that agriculture constitutes the largest sector of the Solomon Islands economy, averaging about 20 percent of GDP throughout the 1990s. The Solomon Islands also has l...

全面介紹

書目詳細資料
企業作者: International Monetary Fund
格式: 雜誌
語言:English
出版: Washington, D.C. : International Monetary Fund, 2004.
叢編:IMF Staff Country Reports; Country Report ; No. 2004/255
在線閱讀:Full text available on IMF
LEADER 01566cas a2200241 a 4500
001 AALejournalIMF008672
008 230101c9999 xx r poo 0 0eng d
020 |c 5.00 USD 
020 |z 9781451834338 
022 |a 1934-7685 
040 |a BD-DhAAL  |c BD-DhAAL 
110 2 |a International Monetary Fund. 
245 1 0 |a Solomon Islands :   |b Selected Issues and Statistical Appendix. 
264 1 |a Washington, D.C. :  |b International Monetary Fund,  |c 2004. 
300 |a 1 online resource (70 pages) 
490 1 |a IMF Staff Country Reports 
500 |a <strong>Off-Campus Access:</strong> No User ID or Password Required 
500 |a <strong>On-Campus Access:</strong> No User ID or Password Required 
506 |a Electronic access restricted to authorized BRAC University faculty, staff and students 
520 3 |a This Selected Issues paper examines prospects for increasing growth and reducing poverty in the Solomon Islands. The paper highlights that agriculture constitutes the largest sector of the Solomon Islands economy, averaging about 20 percent of GDP throughout the 1990s. The Solomon Islands also has large fish resources, and the fisheries sector accounted for an average of 7 percent of GDP and 30 percent of total exports in the 1990s. The paper also examines the state of the financial sector in the Solomon Islands. 
538 |a Mode of access: Internet 
830 0 |a IMF Staff Country Reports; Country Report ;  |v No. 2004/255 
856 4 0 |z Full text available on IMF  |u http://elibrary.imf.org/view/journals/002/2004/255/002.2004.issue-255-en.xml  |z IMF e-Library